Справочник электроэнергетика предприятий цветной металлургии

Podrobná bibliografie
Další autoři: Басалыгин М. Я. (редактор), Копырин В. С. (автор)
Jazyk:ruština
Vydáno: Москва, Металлургия, 1991
Témata:
Médium: MixedMaterials Kniha
KOHA link:https://koha.lib.tpu.ru/cgi-bin/koha/opac-detail.pl?biblionumber=164820

MARC

LEADER 00000nam0a2200000 4500
001 164820
005 20231031161505.0
010 |a 5229002530 
020 |a RU  |b 92-12486 
035 |a (RuTPU)RU\TPU\book\178815 
090 |a 164820 
100 |a 20090910d1991 m a0rusy5003 ca 
101 0 |a rus 
102 |a RU 
105 |a a g 001zy 
200 1 |a Справочник электроэнергетика предприятий цветной металлургии  |f под ред. М. Я. Басалыгина, В. С. Копырина 
210 |a Москва  |c Металлургия  |d 1991 
215 |a 384 с.  |c ил.  |d 22 см 
320 |a Библиогр.: с. 382-384. (67 назв.) 
610 1 |a цветная металлургия 
610 1 |a предприятия 
610 0 |a электрооборудование 
610 1 |a электроснабжение 
610 1 |a справочники 
610 1 |a электроэнергетика 
610 1 |a электроосвещение 
610 1 |a автоматизация 
675 |a 669.2.013(035.5)  |z rus 
702 1 |a Басалыгин  |b М. Я.  |4 340 
702 1 |a Копырин  |b В. С.  |4 070 
801 0 |a RU  |b RuMRKP  |c 19950417  |g psbo 
801 1 |a RU  |b 63413507  |c 20090910 
801 2 |a RU  |b 63413507  |c 20100323  |g RCR 
942 |c BK